000 01204nam0a2200289 i 4500
001 RU\NLR\BIBL_A\010590337
005 20260408194441.0
021 _aRU
_b2014-86394
_95255
035 _a(NLR Aleph) 010590337
090 _a10500265
_c10500265
100 _a20150122d2014 k y0rusy50 ca
101 0 _arus
102 _aRU
105 _aa z 000yy
200 1 _aConnection between violation of the rayleigh law of scattering and the resonance scattering
_fVitalii N. Chukov
210 _aMoscow
_cInstitute of biochemical physics, Center of acoustic microscopy
_d2014
215 _a24, [1] c.
_cил.
_d21
225 1 _aPreprint
_fRuss. acad. of sciences, N.M. Emanuel Inst. of biochemical physics, Center of acoustic microscopy
320 _aБиблиогр.: с. 24 (11 назв.)
606 _aРэлея волны
_xРассеяние
_3RU\NLR\AUTH\661364187
_92276500
686 1 _aВ251.166
700 1 _aČukov
_bV. N.
_gVitalij Nikolaevič
830 _aСвязь между нарушением закона рассеяния Рэлея и резонансным рассеянием.
942 _cBOOK
980 _aNBR